<?xml version="1.0" encoding="UTF-8"?>
<record
    xmlns:xsi="http://www.w3.org/2001/XMLSchema-instance"
    xsi:schemaLocation="http://www.loc.gov/MARC21/slim http://www.loc.gov/standards/marcxml/schema/MARC21slim.xsd"
    xmlns="http://www.loc.gov/MARC21/slim">

  <leader>01528nam a2200229 a 4500</leader>
  <controlfield tag="001">BRCA_8645</controlfield>
  <controlfield tag="005">20190320210344.0</controlfield>
  <controlfield tag="008">041016s1885----fr-a######---#000-0#fre-#</controlfield>
  <datafield tag="041" ind1=" " ind2=" ">
    <subfield code="a">spa</subfield>
  </datafield>
  <datafield tag="044" ind1=" " ind2=" ">
    <subfield code="a">sp</subfield>
  </datafield>
  <datafield tag="084" ind1=" " ind2=" ">
    <subfield code="a">BE37</subfield>
    <subfield code="b">.O85 1718</subfield>
  </datafield>
  <datafield tag="100" ind1="1" ind2=" ">
    <subfield code="a">Oviedo, Juan Antonio de (S.I.)</subfield>
    <subfield code="d">1670-1757</subfield>
    <subfield code="9">21576</subfield>
  </datafield>
  <datafield tag="245" ind1="1" ind2="0">
    <subfield code="a">Panegyricos sagrados, para gloria y alabanza de Dios, y de su Madre Santisima, y de los Santos</subfield>
    <subfield code="b">parte segunda, que dedica al grande ap&#xF3;stol del oriente San Francisco Xavier.</subfield>
  </datafield>
  <datafield tag="260" ind1=" " ind2=" ">
    <subfield code="a">Madrid</subfield>
    <subfield code="b">por Francisco del Hierro</subfield>
    <subfield code="c">1718</subfield>
  </datafield>
  <datafield tag="300" ind1=" " ind2=" ">
    <subfield code="a">395 p. (t.2)</subfield>
    <subfield code="c">19.7 x 15 cm.</subfield>
  </datafield>
  <datafield tag="500" ind1=" " ind2=" ">
    <subfield code="a">Con marca de fuego: &#xB4;Procedencia de la marca: Oratorio de San Felipe Neri de Quer&#xE9;taro. Instituci&#xF3;n: Congregaci&#xF3;n del Oratorio de San Felipe Neri (Oratorianos). Descripci&#xF3;n: Monograma compuesto por las iniciales: &#xB4;O&#xB4;, &#xB4;R&#xB4;, &#xB4;A&#xB4;, &#xB4;T&#xB4;, &#xB4;R&#xB4;, &#xB4;I&#xB4; y en el fuste de la &#xB4;T&#xB4; otra &#xB4;o&#xB4; que se desata como Oratorio. Observaciones: A falta de un testimonio de pertenencia se hace la atribuci&#xF3;n de la marca en funci&#xF3;n a la realizada por David Saavedra Vega. Ubicaci&#xF3;n de la marca en el libro: Canto superior&#xB4;</subfield>
  </datafield>
  <datafield tag="500" ind1=" " ind2=" ">
    <subfield code="a">Estado f&#xED;sico: lomo y primera hoja desprendidos, con hojas manchadas y algunas rotas, y cintas rotas</subfield>
  </datafield>
  <datafield tag="650" ind1="1" ind2="4">
    <subfield code="a">Sermones espa&#xF1;oles</subfield>
    <subfield code="y">Obras anteriores a 1800</subfield>
    <subfield code="9">21577</subfield>
  </datafield>
  <datafield tag="856" ind1=" " ind2=" ">
    <subfield code="a">http://www.marcasdefuego.buap.mx:8180/xmLibris/projects/firebrand/item.jsp?repository=marcas_de_fuego&amp;key=marcas_de_fuego_oratorianas_20131206141204_98e1.xml&amp;num=3</subfield>
  </datafield>
  <datafield tag="902" ind1=" " ind2=" ">
    <subfield code="a">CFM</subfield>
  </datafield>
  <datafield tag="942" ind1=" " ind2=" ">
    <subfield code="2">lcc</subfield>
    <subfield code="c">B</subfield>
  </datafield>
  <datafield tag="999" ind1=" " ind2=" ">
    <subfield code="c">8305</subfield>
    <subfield code="d">8305</subfield>
  </datafield>
  <datafield tag="952" ind1=" " ind2=" ">
    <subfield code="0">0</subfield>
    <subfield code="1">0</subfield>
    <subfield code="2">lcc</subfield>
    <subfield code="4">0</subfield>
    <subfield code="7">0</subfield>
    <subfield code="8">CFM</subfield>
    <subfield code="a">BRCA</subfield>
    <subfield code="b">BRCA</subfield>
    <subfield code="d">2016-10-04</subfield>
    <subfield code="e">Donaci&#xF3;n</subfield>
    <subfield code="l">0</subfield>
    <subfield code="o">BE37 .O85 1718</subfield>
    <subfield code="p">CFM00034</subfield>
    <subfield code="r">2019-03-22 00:00:00</subfield>
    <subfield code="w">2019-03-22</subfield>
    <subfield code="y">B</subfield>
  </datafield>
</record>
